Mecanismo de admisión y rendimiento académico de los estudisntes universitarios (Registro nro. 6266)
[ vista simple ]
| 000 -LEADER | |
|---|---|
| fixed length control field | 01657 a2200205 4500 |
| 001 - CONTROL NUMBER | |
| control field | 57754 |
| 005 - DATE AND TIME OF LATEST TRANSACTION | |
| control field | 20260407155837.0 |
| 008 - FIXED-LENGTH DATA ELEMENTS--GENERAL INFORMATION | |
| fixed length control field | 260407a2007 arg spa d |
| 003 - CONTROL NUMBER IDENTIFIER | |
| control field | AR-UNSa-BCEJYS |
| 040 ## - CATALOGING SOURCE | |
| Original cataloging agency | AR-UNSa-BCEJYS |
| Language of cataloging | spa |
| Transcribing agency | AR-UNSa-BCEJYS |
| 080 ## - UNIVERSAL DECIMAL CLASSIFICATION NUMBER | |
| Universal Decimal Classification number | 658.312.4 |
| Common auxiliary subdivision | Educación y adiestramiento (capacitación, formación, carrera...) |
| 020 ## - INTERNATIONAL STANDARD BOOK NUMBER | |
| International Standard Book Number | 978-950-34-0411-9 |
| 100 1# - MAIN ENTRY--PERSONAL NAME | |
| Personal name | Porto, Alberto |
| 245 10 - TITLE STATEMENT | |
| Title | Mecanismo de admisión y rendimiento académico de los estudisntes universitarios |
| 264 #1 - PRODUCTION, PUBLICATION, DISTRIBUTION, MANUFACTURE, AND COPYRIGHT NOTICE | |
| Place of production, publication, distribution, manufacture | La Plata : |
| Name of producer, publisher, distributor, manufacturer | (EDULP) Editorial de la Universidad Nacional de la Plata |
| Date of production, publication, distribution, manufacture, or copyright notice | 2007 |
| 300 ## - PHYSICAL DESCRIPTION | |
| Extent | 235 p. |
| Dimensions | 21 cm. |
| 505 ## - FORMATTED CONTENTS NOTE | |
| Formatted contents note | 1. Introducción – 2. Rendimiento y éxito académico de los estudiantes de la Facultad de Ciencias Económicas de la Universidad Nacional de Córdoba. Un análisis para dos cohortes de ingresantes – 3. Influencia de características socioeconómicas en el ingreso y en el rendimiento académico – 4. Admisión a la universidad y rendimiento de los estudiantes – 5. Desempeño en el ciclo de formación inicial: análisis de cohortes de la Facultad de Ciencias Económicas de la UNLP – 6. Mecanismos de ingreso a la facultad y rendimiento de los alumnos durante el primer año – 7. Factores asociados al desempeño académico universitario – 8. El rendimiento universitario. Un estudio de posibles factores causales en una facultad de la Universidad Nacional de Rosario – 9. Estudio del rendimiento estudiantil en la Facultad de Concias Económicas UNT – 10. Predicción de performance académica: estudios de grado en una universidad privada |
| 590 ## - LOCAL NOTE (RLIN) | |
| Local note | niveau_biblio:m niveau_hierar:0 |
| 942 ## - ADDED ENTRY ELEMENTS (KOHA) | |
| Koha item type | |
| Withdrawn status | Lost status | Damaged status | Not for loan | Home library | Current library | Shelving location | Date acquired | Total checkouts | Full call number | Barcode | Date last seen | Price effective from | Koha item type |
|---|---|---|---|---|---|---|---|---|---|---|---|---|---|
| Biblioteca Prof. Eusebio Cleto del Rey | Biblioteca Prof. Eusebio Cleto del Rey | 07/04/2026 | 658.312.4 P839 | L128847 | 07/04/2026 | 07/04/2026 | Libro |